ბათუმის შოთა რუსთაველის სახელმწიფო უნივერსიტეტის ბიბლიოთეკა

1924 წლის აგვისტოს ეროვნული აჯანყების 90-ე წლისთავი (ბიბ.ჩანაწერი № 51046)

000 -LEADER
fixed length control field 01534nam a2200253Ia 4500
001 - CONTROL NUMBER
control field 18003
003 - CONTROL NUMBER IDENTIFIER
control field GE_BSU
008 - FIXED-LENGTH DATA ELEMENTS--GENERAL INFORMATION
fixed length control field 181216s||||||||xx |||||||||||||| ||und||
010 ## - LIBRARY OF CONGRESS CONTROL NUMBER
LC control number 9789941465161
040 ## - CATALOGING SOURCE
Transcribing agency GE_BSU
080 ## - UNIVERSAL DECIMAL CLASSIFICATION NUMBER
Universal Decimal Classification number 94(479.22)"1924"(063)
245 ## - TITLE STATEMENT
Title 1924 წლის აგვისტოს ეროვნული აჯანყების 90-ე წლისთავი
245 ## - TITLE STATEMENT
Remainder of title 2014 წლის 15 და 16 ოქტომბრის კონფერენცია
245 ## - TITLE STATEMENT
Statement of responsibility, etc. სარედ:კოლეგ.ქრისტინე ფაღავა-ბულეზ,შარლ ურევიჩი,დიმიტრი შველიძე,ოთარ ჯანელიძე
260 ## - PUBLICATION, DISTRIBUTION, ETC.
Place of publication, distribution, etc. პარიზი-თბილისი
260 ## - PUBLICATION, DISTRIBUTION, ETC.
Name of publisher, distributor, etc. შპს ,,მწიგნობარის "სტამბა
260 ## - PUBLICATION, DISTRIBUTION, ETC.
Date of publication, distribution, etc. 2016
300 ## - PHYSICAL DESCRIPTION
Extent 278გვ;20სმ.
653 ## - INDEX TERM--UNCONTROLLED
Uncontrolled term 1924 წლის აგვისტოს ეროვნული აჯანყების 90-ე წლისთავი
653 ## - INDEX TERM--UNCONTROLLED
Uncontrolled term 2014 წლის 15 და 16 ოქტომბრის კონფერენცია
653 ## - INDEX TERM--UNCONTROLLED
Uncontrolled term ისტორია(კონფერენციის მასალები)
653 ## - INDEX TERM--UNCONTROLLED
Uncontrolled term კრებულში შევსებულია ფორუმებზე წაკითხული ქართველი და უცხოელი მეცნიერების მოხსენებები.
942 ## - ADDED ENTRY ELEMENTS (KOHA)
Koha item type წიგნი
ეგზემპლარები
Withdrawn status Lost status Damaged status Not for loan Date acquired Barcode Date last seen Price effective from Koha item type
        2018-12-17 45931 2018-12-17 2018-12-17 წიგნი